| 000 | 00525nam a22001697a 4500 | ||
|---|---|---|---|
| 999 |
_c18688 _d18688 |
||
| 003 | AR-CdUCM | ||
| 008 | 190515b ||||| |||| 00| 0 spa d | ||
| 040 |
_aMUNICIPALIDAD PROVINCIAL DEL CUSCO _cBIBLIOTECA MUNICIPAL DEL CUSCO |
||
| 082 |
_a070 / _bP59 |
||
| 100 |
_aPinto Gamboa, Willy. _932232 |
||
| 245 |
_aLa entrevista periodística : _bAntología / |
||
| 260 |
_aLima : _bCibeles, _c1988. |
||
| 300 |
_a120 páginas ; _c21 cm. |
||
| 650 |
_aEstudio preliminar. _939425 |
||
| 942 |
_2ddc _cLIBROS |
||
| 945 |
_arum _d2019-05-15 |
||